| 000 | 00795nam a2200229 i 4500 | ||
|---|---|---|---|
| 003 | IT-RoINE | ||
| 005 | 20190318061223.0 | ||
| 008 | 900725s1956 sp r p spa d | ||
| 040 |
_aSpMaBN _cIT-RoINE _dIT-RoINE |
||
| 100 | 1 |
_aCampoamor, Ramón de, _d1817-1901 _922574 |
|
| 245 | 1 | 0 |
_aPoesías / _cCampoamor ; introducción, edicion y notas de C. Rivas Cherif ; prólogo de Félix Ros. |
| 260 |
_aMadrid : _bEspasa-Calpe, _c1956. |
||
| 300 |
_a336 p. ;. _c19 cm. |
||
| 336 |
_2rdacontent _atext |
||
| 337 |
_2rdamedia _aunmediated |
||
| 338 |
_2rdacarrier _avolume |
||
| 490 | 1 |
_aClásicos castellanos ; _v40 |
|
| 700 | 1 |
_aRivas Cherif, Cipriano de, _d1891-1967 _95019 |
|
| 700 | 1 |
_922575 _aRos, Félix, _d1912-1974 |
|
| 830 | 0 |
_aClásicos castellanos (Espasa-Calpe) _v40 _922520 |
|
| 942 | _cMTS | ||
| 999 |
_c10932 _d10932 |
||